Programming FPGAs: Getting Started with Verilog / (Record no. 615014)

000 -LEADER
fixed length control field 00284nam a22001097a 4500
020 ## - INTERNATIONAL STANDARD BOOK NUMBER
International Standard Book Number 978-1259643767
082 ## - DEWEY DECIMAL CLASSIFICATION NUMBER
Classification number 621.395
Author Mark MON
245 ## - TITLE STATEMENT
Title Programming FPGAs: Getting Started with Verilog /
Statement of responsibility, etc. Simon Monk
260 ## - PUBLICATION, DISTRIBUTION, ETC.
Name of publisher, distributor, etc. McGraw Hill TAB,
Date of publication, distribution, etc. 2016.
300 ## - PHYSICAL DESCRIPTION
Extent 192p. ;
942 ## - ADDED ENTRY ELEMENTS (KOHA)
Source of classification or shelving scheme
Koha item type Book
Holdings
Withdrawn status Lost status Source of classification or shelving scheme Damaged status Not for loan Permanent Location Current Location Shelving location Date acquired Total Checkouts Full call number Barcode Date last seen Price effective from Koha item type
          Central Library (CL) Central Library (CL) Lincoln Corner 10/03/2025   621.395 MON LC-467 10/03/2025 10/03/2025 Book
© 2023 Central Library, National University of Sciences and Technology. All Rights Reserved.